| 000 | 00458nam a2200193Ia 4500 | ||
|---|---|---|---|
| 003 | GCL | ||
| 008 | 140319s9999 xx 000 0 eng d | ||
| 040 |
_aGCL / _cGCL |
||
| 082 | 0 | 4 |
_aCC _b916.204 _bM V |
| 100 | 1 | _aIFAO | |
| 245 | 1 | 0 |
_aVOYAGE EN EGYPTE 1646-1647 / _cIFAO |
| 700 | 1 | _aMONCONYS, DE BALTHASAR | |
| 260 |
_a[S.N] : _bIFAO ، _c1973 |
||
| 300 | _a195 P | ||
| 650 | 0 | 4 | _aEGYPT |
| 650 | 0 | 4 | _aTRAVELS |
| 650 | 0 | 4 | _aCOLLECTIONS |
| 942 |
_2ddc _cBK |
||
| 999 |
_c17548 _d17548 |
||